LEADER 00727nam0 22002651i 450 001 990002110700403321 005 20070525113831.0 035 $a000211070 035 $aFED01000211070 035 $a(Aleph)000211070FED01 035 $a000211070 100 $a20030910d1997----km-y0itay50------ba 101 0 $aita 102 $aIT 200 1 $aFormaggi d' Europa$e(storia, modi di produzione, caratteristiche) 210 $aBra$cSlow Food Editore$d1997 215 $a288 p.$d22 cm 610 0 $aFormaggi - caseificazione 801 0$aIT$bUNINA$gRICA$2UNIMARC 901 $aBK 912 $a990002110700403321 952 $a62 637.3 FOR$bDEPA 8135$fDAGEA 959 $aDAGEA 996 $aFormaggi d' Europa$9395183 997 $aUNINA LEADER 01103nam a2200325 i 4500 001 991000290579707536 008 090612s2008 sz b 001 0 eng c 020 $a9783037190487 020 $a3037190485 035 $ab13836808-39ule_inst 040 $aDip.to Matematica$beng 082 04$a514.2$222 084 $aAMS 55-01 084 $aAMS 57-01 084 $aLC QA612.D53 100 1 $aDieck, Tammo :$ctom$056647 245 10$aAlgebraic topology /$cTammo tom Dieck 260 $aZurich :$bEuropean Mathematical Society,$cc2008 300 $axi, 567 p. ;$c24 cm 440 0$aEMS textbooks in mathematics 504 $aIncludes bibliographical reference (p. [541]-550) and index 650 0$aAlgebraic topology 650 0$aHomotopy theory 650 0$aHomology theory 907 $a.b13836808$b23-07-19$c12-06-09 912 $a991000290579707536 945 $aLE013 55-XX TOM11 (2008)$g1$i2013000210643$lle013$op$pE59.73$q-$rl$s- $t0$u1$v0$w1$x0$y.i14982547$z16-06-09 996 $aAlgebraic topology$9229161 997 $aUNISALENTO 998 $ale013$b12-06-09$cm$da $e-$feng$gsz $h0$i0 LEADER 01327nam a2200301 i 4500 001 991000036089707536 005 20020503112900.0 008 990607s1994 uk ||| | eng 035 $ab10015632-39ule_inst 035 $aocm00008994$9ExL 040 $aDip.to Beni Culturali$bita 100 1 $aMcCann, Anna Marguerite$0242103 245 10$aDeep water archaeology :$ba late-roman ship from Carthage and an ancient trade route near Skerki Bank off Northwest Sicily /$cby Anna Marguerite McCann and Joann Freed 260 $aOxford :$bAnn Arbor,$c1994 300 $aXVII, 128 p. :$bill. ;$c29 cm 490 0 $aJournal of Roman Archaeology ;$vSupplementary series number, 13 500 $aDal front.: with contributions from others 650 4$aArcheologia romana - Cartagine$ySec. I-IV d.C. 650 4$aArcheologia romana$zSicilia$ySec. I-IV d.C. 650 4$aArcheologia subacquea - Rotte marittime$ySec. I-IV d.C. 650 4$aCommercio marittimo$xStoria$ySec. I-IV d.C. 700 1 $aFreed, Joann 907 $a.b10015632$b17-02-17$c31-05-02 912 $a991000036089707536 945 $aLE001 AR XVII 44$g1$i2001000022472$lle001$o-$pE0.00$q-$rl$s- $t0$u0$v0$w0$x0$y.i10018645$z31-05-02 996 $aDeep water archaeology$9175332 997 $aUNISALENTO 998 $ale001$b01-01-99$cm$da $e-$feng$guk $h0$i1 LEADER 02007oam 2200553 450 001 9910703634003321 005 20150701093915.0 035 $a(CKB)5470000002433373 035 $a(OCoLC)906158134 035 $a(EXLCZ)995470000002433373 100 $a20150403d2015 ua 0 101 0 $aeng 135 $aur||||||||||| 181 $ctxt$2rdacontent 182 $cc$2rdamedia 183 $acr$2rdacarrier 200 14$aThe Bakken $eexamining efforts to address law enforcement, infrastructure and economic development needs : hearing before the Subcommittee on Emergency Management, Intergovernmental Relations, and the District of Columbia of the Committee on Homeland Security and Governmental Affairs, United States Senate, One Hundred Thirteenth Congress, second session, field hearing in Sidney, Montana, September 26, 2014 210 1$aWashington :$cU.S. Government Publishing Office,$d2015. 215 $a1 online resource (iv, 118 pages) $cillustrations 225 1 $aS. hrg. ;$v113-587 300 $aTitle from title screen (viewed on Apr. 3, 2015). 300 $aPaper version available for sale by the Superintendent of Documents, United States Government Publishing Office. 517 $aBakken 606 $aOil fields$zMontana 606 $aOil fields$zNorth Dakota 606 $aCrime$zMontana 606 $aLaw enforcement$zMontana 606 $aInfrastructure (Economics)$zNorth Dakota 607 $aMontana$xEconomic conditions 607 $aMontana$xSocial conditions 607 $aBakken Formation 608 $aLegislative hearings.$2lcgft 615 0$aOil fields 615 0$aOil fields 615 0$aCrime 615 0$aLaw enforcement 615 0$aInfrastructure (Economics) 801 0$bGPO 801 1$bGPO 801 2$bGPO 801 2$bSTF 801 2$bCOO 801 2$bOCLCO 801 2$bOCLCQ 801 2$bGPO 906 $aBOOK 912 $a9910703634003321 996 $aThe Bakken$93444728 997 $aUNINA